Trendy v maloobchode a ich vplyv na konkurenčnú výhodu v maloobchode
Vznik, štruktúra a podmienky konkurenčnej výhody v slovenských podnikoch. Nové trendy v maloobchode. Konkurenčná stratégia. Hodnotenie strategickej úspešnosti maloobchodných predajní s nábytkom. Intenzita konkurenčných síl. Náročnosť zákazníkov.
Na minha lista:
| Autor principal: | |
|---|---|
| Formato: | Capítulo de Livro |
| Idioma: | eslovaco |
| Assuntos: | |
| Tags: |
Sem tags, seja o primeiro a adicionar uma tag!
|
MARC
| LEADER | 00000naa$a2200000$$$4500 | ||
|---|---|---|---|
| 001 | 0014316 | ||
| 005 | 20240502071359.7 | ||
| 041 | 0 | |a slo | |
| 044 | |a SK | ||
| 245 | 1 | 0 | |a Trendy v maloobchode a ich vplyv na konkurenčnú výhodu v maloobchode |c aut. Michaela Grafnetterová |
| 520 | |a Vznik, štruktúra a podmienky konkurenčnej výhody v slovenských podnikoch. Nové trendy v maloobchode. Konkurenčná stratégia. Hodnotenie strategickej úspešnosti maloobchodných predajní s nábytkom. Intenzita konkurenčných síl. Náročnosť zákazníkov. | ||
| 610 | 2 | 0 | |a maloobchod |
| 610 | 2 | 0 | |a výhody konkurenčné |
| 610 | 2 | 0 | |a podnik |
| 610 | 2 | 0 | |a trh |
| 610 | 2 | 0 | |a stratégia marketingová |
| 610 | 2 | 0 | |a zákazníci |
| 610 | 2 | 0 | |a prieskum odbytový |
| 610 | 2 | 0 | |a prieskum ponuky |
| 610 | 2 | 0 | |a prieskum spotrebiteľský |
| 610 | 2 | 0 | |a prieskum podnikateľský |
| 610 | 2 | 0 | |a Slovensko |
| 100 | 1 | |a Grafnetterová, Michaela | |